| 000 | 00759nam a2200241 a 4500 | ||
|---|---|---|---|
| 001 | 16423 | ||
| 003 | CO-ViMGA | ||
| 008 | 141112s2004 ck r 000 u spa d | ||
| 020 | _a958300474X | ||
| 040 |
_aCO-ViMGA _bspa _cCO-ViMGA |
||
| 082 | 0 | 4 | _aLIBr |
| 100 | 1 |
_aRodriguez, Antonio Orlando _913248 |
|
| 245 | 1 | 0 |
_aEl Libro de Antón Pirulero : _bCoplas, Nanas, Adivinanzas, Retahilas |
| 260 |
_aBogotá : _bPanAméricana, _c1998 |
||
| 300 | _a72.p.il. | ||
| 490 | _aQue pase el tren | ||
| 590 | _aForma de adquisición : Premio - Mincultura, compra proyecto 2005 - - Precio : 15.300 | ||
| 650 | 1 | 4 |
_aACERTIJOS _93968 |
| 650 | 1 | 4 |
_aCANCIONES DE CUNA _91027 |
| 650 | 1 | 4 |
_aCANCIONES INFANTILES _91028 |
| 650 | 1 | 4 |
_aJUEGOS INFANTILES _910241 |
| 942 |
_2ddc _cBK |
||
| 999 |
_c2237 _d2237 |
||